|
|
|
|
| LEADER |
01110nam a22003011 4500 |
| 001 |
27476 |
| 003 |
BD-DhAAL |
| 005 |
20130923113813.0 |
| 008 |
130923s1981 nyua 000 0 eng |
| 010 |
|
|
|a 52011515
|
| 020 |
|
|
|a 0976202107
|
| 020 |
|
|
|a 007043316X
|
| 020 |
|
|
|a 0976202123
|
| 040 |
|
|
|a DLC
|c DLC
|d DLC
|d BD-DhAAL
|
| 050 |
0 |
0 |
|a QC20
|b .M6
|
| 082 |
0 |
0 |
|a 530.151
|2 22
|
| 999 |
|
|
|c 13993
|d 13993
|
| 999 |
|
|
|c 13993
|
| 100 |
1 |
|
|a Morse, Philip M.
|q (Philip McCord),
|d 1903-1985.
|9 3175
|
| 245 |
1 |
0 |
|a Methods of theoretical physics, part 1 : chapters 1 to 8 /
|c Philip M. Morse, Herman Feshbach.
|
| 260 |
|
|
|a New York ;
|a Minneapolis :
|b McGraw-Hill ;
|b Feshbach Publishing,
|c 1981.
|
| 300 |
|
|
|a 2 v. :
|b ill. ;
|c 24 cm.
|
| 504 |
|
|
|a Includes index and bibliographical references.
|
| 541 |
|
|
|e 27477
|
| 650 |
|
0 |
|a Mathematical physics.
|9 2412
|
| 700 |
1 |
|
|a Feshbach, Herman,
|9 3176
|
| 942 |
|
|
|2 ddc
|c BK
|
| 952 |
|
|
|0 0
|1 0
|2 ddc
|4 0
|6 530_151000000000000_MOR
|7 0
|9 23447
|a BRACUL
|b BRACUL
|c GEN
|d 2013-09-23
|e Trim Education
|g 21500.00
|l 6
|m 129
|o 530.151 MOR
|p 3010027476
|q 2026-05-06
|r 2025-07-14
|s 2025-07-14
|t 1
|w 2013-09-23
|y BK
|